Statistiques concernant 10 pays africains les plus peuplés

Cliquez ici pour prendre le quiz!

Statistiques générales

  • Ce quiz a été pris 25 209 fois
  • Le résultat moyen est 8 sur 10

Statistiques - réponses

PopulationPays% Correct
60,1 MAfrique du Sud
96%
45,2 MAlgérie
95%
100 MRD du Congo
94%
112 MÉgypte
93%
221 MNigeria
93%
125 MÉthiopie
79%
47,4 MSoudan
75%
54,5 MKenya
70%
66,3 MTanzanie
63%
47,8 MOuganda
37%

Distribution des résultats

Percentile par nombre de réponses

% des personnes avec chaque résultat

Votre développement - résultats

Vous n’avez pas pris ce quiz